Normal view
MARC view
- Neumann , Ronald E
Entry Personal Name
001 - CONTROL NUMBER
- control field: 134013
003 - CONTROL NUMBER IDENTIFIER
- control field: NUST
005 - DATE AND TIME OF LATEST TRANSACTION
- control field: 20260409100650.0
008 - FIXED-LENGTH DATA ELEMENTS
- fixed length control field: 260409|| aca||aabn | a|a d
040 ## - CATALOGING SOURCE
- Original cataloging agency: NUST
- Transcribing agency: NUST
100 ## - HEADING--PERSONAL NAME
- Personal name: Neumann , Ronald E
670 ## - SOURCE DATA FOUND
- Source citation: Work cat.: (NUST): Neumann , Ronald E., The Other War: Winning and Losing in Afghanistan /, 2009.
